Sports Quiz

Random Sports or MLB Quiz

MLB: Were They Teammates? Quiz Stats

Quiz Updated Jun 19, 2012

Challenge
Share
Tweet
Embed
Score 0/30 Timer 05:00
1 Play Today
Were They Teammates? Yes (y) No (n) % Correct
Rockies: Larry Walker and Todd Helton???
88.3%
Pirates: Willie Stargell and Barry Bonds???
84%
Indians: Albert Belle and Manny Ramirez???
82.6%
Mariners: Ken Griffey and Ken Griffey, Jr???
82.2%
Devil Rays: Wade Boggs and Fred McGriff???
82%
Mets: Tom Seaver and Nolan Ryan???
79%
Orioles: Jim Palmer and Cal Ripken, Jr???
77.2%
Orioles: Brooks Robinson and Frank Robinson???
74.9%
Reds: Johnny Bench and Barry Larkin???
73.9%
Twins: Harmon Killebrew and Rod Carew???
73.8%
Cardinals: Stan Musial and Bob Gibson???
73.8%
Yankees: Babe Ruth and Yogi Berra???
71.4%
Yankees: Lou Gehrig and Joe DiMaggio???
70.7%
Dodgers: Steve Garvey and Mike Piazza???
65.8%
Phillies: Mike Schmidt and Curt Schilling???
65.3%
Were They Teammates? Yes (y) No (n) % Correct
Braves: Dale Murphy and Chipper Jones???
62.4%
Cubs: Billy Williams and Ryne Sandberg???
58.5%
Dodgers: Sandy Koufax and Jackie Robinson???
57.9%
Cardinals: Ozzie Smith and Mark McGwire???
56.5%
Tigers: Mickey Lolich and Kirk Gibson???
54.2%
White Sox: Harold Baines and Paul Konerko???
52.4%
Red Sox: Carlton Fisk and Roger Clemens???
51.8%
Yankees: Don Mattingly and Derek Jeter???
50.2%
Blue Jays: Roberto Alomar and Roy Halladay???
49.5%
Mariners: Randy Johnson and Ichiro Suzuki???
45.1%
Pirates: Ralph Kiner and Roberto Clemente???
44.7%
Cubs: Andre Dawson and Sammy Sosa???
41.5%
Athletics: Reggie Jackson and Jose Canseco???
40.7%
Expos: Dennis Martinez and Pedro Martinez???
37.2%
Padres: Dave Winfield and Tony Gwynn???
30.3%

You're not logged in!

Compare scores with friends on all Sporcle quizzes.
Join for Free
OR
Log In

You Might Also Like...

Show Comments

Extras

Top Quizzes Today


Score Distribution

Your Account Isn't Verified!

In order to create a playlist on Sporcle, you need to verify the email address you used during registration. Go to your Sporcle Settings to finish the process.

Report this User

Report this user for behavior that violates our Community Guidelines.

Details: